El discutido indiscutible Jardiel Poncela (Record no. 34671)

MARC details
000 -LEADER
campo de control de longitud fija 00571nam a2200169 i 4500
001 - NÚMERO DE CONTROL
campo de control 34671
003 - IDENTIFICADOR DE NÚMERO DE CONTROL
campo de control ES-MaACL
005 - FECHA Y HORA DE LA ÚLTIMA TRANSACCIÓN
campo de control 20230906154957.0
007 - CAMPO FIJO DE DESCRIPCIÓN FÍSICA--INFORMACIÓN GENERAL
campo de control de longitud fija t|
008 - DATOS DE LONGITUD FIJA--INFORMACIÓN GENERAL
campo de control de longitud fija 030207s1946 sp ||||1| spa d
100 1# - ENTRADA PRINCIPAL--NOMBRE DE PERSONA
Nombre de persona Bonet, Juan (
Fechas asociadas al nombre 1918-1991)
9 (RLIN) 147348
245 13 - MENCIÓN DEL TÍTULO
Título El discutido indiscutible Jardiel Poncela
Resto del título : los que le ensalzan, los que le menosprecian y los que le imitan /
Mención de responsabilidad, etc. Juan Bonet Gelabert.
260 ## - PUBLICACIÓN, DISTRIBUCIÓN, ETC.
Lugar de publicación, distribución, etc. Madrid :
Nombre del editor, distribuidor, etc. Biblioteca Nueva,
Fecha de publicación, distribución, etc. 1946.
300 ## - DESCRIPCIÓN FÍSICA
Extensión 251 p. ;
Dimensiones 19 cm.
600 04 - PUNTO DE ACCESO ADICIONAL DE MATERIA--NOMBRE DE PERSONA
Nombre de persona Jardiel Poncela, Enrique.
9 (RLIN) 66113
852 ## - LOCALIZACIÓN
Ubicación ES-MaACL
Número de control de estantería F-392
Sublocalización o colección R.23377
Holdings
Estatus retirado Estado de pérdida Estado de daño No para préstamo Biblioteca de origen Biblioteca actual Ubicación en estantería Fecha de adquisición Fuente de adquisición Total de préstamos Signatura topográfica completa Código de barras Visto por última vez Precio de reemplazo Tipo de ítem Koha
        Biblioteca del Ateneo de Madrid Biblioteca del Ateneo de Madrid Depósito 2 17/01/2008     F-392 1036170 23/02/2023 23/02/2023 Libro impreso